|
|
|
|
| LEADER |
01044nam a2200217 a 4500 |
| 001 |
4375144 |
| 008 |
091205s1990 bg b 001 0 eng d |
| 010 |
|
|
|a 90905993
|
| 040 |
|
|
|a DLC
|c DLC
|d DLC
|
| 082 |
0 |
0 |
|a 332.7/1/095942
|2 20
|
| 100 |
2 |
|
|a Shawkat Ali, A. M. M.
|
| 245 |
1 |
0 |
|a Agricultural credit in Bangladesh, 1883-1986 /
|c A.M.M. Shawkat Ali.
|
| 260 |
|
|
|a Dhaka :
|b Centre for Development Research, Bangladesh,
|c 1990.
|
| 300 |
|
|
|a xii, 104, [19] p. ;
|c 26 cm.
|
| 504 |
|
|
|a Includes bibliographical references (p. [116]-[118]) and index.
|
| 541 |
1 |
|
|e 00003934
|
| 650 |
|
0 |
|a Agricultural credit
|z Bangladesh
|x History.
|
| 852 |
4 |
|
|a Ayesha Abed Library
|j General Shelf.
|
| 999 |
|
|
|c 6023
|d 6023
|
| 952 |
|
|
|0 0
|1 0
|2 ddc
|4 0
|6 332_710954920000000_SHA_1990
|7 0
|9 6008
|a BRACUL
|b BRACUL
|c GEN
|d 2009-12-07
|g 150.00
|l 1
|o 332.71095492 SHA
|p 3010003934
|r 2013-05-05
|s 2013-04-28
|t 1
|w 2009-12-07
|y BK
|
| 952 |
|
|
|0 0
|1 0
|2 ddc
|4 0
|6 332_710954920000000_SHA_1990
|7 0
|9 7848
|a BRACUL
|b BRACUL
|c GEN
|d 2010-02-08
|l 1
|m 2
|o 332.71095492 SHA
|p 3010006050
|r 2012-09-12
|s 2012-07-18
|t 2
|w 2010-02-08
|y BK
|